00664nam a2200229 a 4500001001300000003000900013005001700022008004100039020000900080082001400089100001600103245005800119260004500177300000800222500003500230650000800265700001600273902000800289942000700297952011300304999001700417nice12345678IN_TiNIC20260116014453.0070411s2006 newa grp 000 0 eng  ac1500a340bMAT2 aMathew, P D aYour Right to Compensation in Motor Wehicle Accidents aNew DelhibIndian Social Institutec2006 a38p aincludes index and biblioraphy aLaw1 aMathew, P D bSRS cBK 001040708StackRoom-aHMIbHMId2007-04-11g15.00l0o340 MAT2p021717r2007-04-11v15.00w2007-04-11yBK c15497d15497